| 000 | 00351nam a2200145Ia 4500 | ||
|---|---|---|---|
| 008 | 230312s9999||||xx |||||||||||||| ||und|| | ||
| 020 | _a978-93-325-4618 | ||
| 082 |
_a005.133 _bPRA-C |
||
| 100 | _aSklar,Bernard | ||
| 245 | 0 | _aDigital Communicatios | |
| 260 |
_bPearson _aIndia _c2012 |
||
| 300 | _a1237 | ||
| 650 |
_aComputer _vComputer |
||
| 942 | _cBK | ||
| 999 |
_c15768 _d15768 |
||